000 00821nam a2200241Ia 4500
003 OSt
005 20220923220416.0
006 a|||||r|||| 00| 0
007 ta
008 220922b |||||||| |||| 00| 0 hin d
024 _a186,431
037 _cTextual
040 _aARTS
_cARTS
_bhin
041 _2hin
_ahin
082 _aY:7:7, 152J8
100 _aराम चन्द्र महेन्द्र
_9161725
245 0 _aदुनिया तुम्हारी हैं
246 _aDuniyā tumhārī haian
260 _aहोशियारपुर
_b विश्वेनन्द वैदिक संस्थान
_c1958
300 _a252 पृ.
_ccm.
942 _hY:7:7, 152J8
_cTEXL
_2CC
999 _c339675
_d339675